| 000 | 00439 a2200181 4500 | ||
|---|---|---|---|
| 260 | _aLondon | ||
| 100 | _aGILLETT, J. B. | ||
| 260 | _bRoyal Botanic Gardens Kew | ||
| 245 | _aIndigofera (microcharis) in tropical africa with the related genera cyamopsis and ryhnchotropis | ||
| 300 | _a165p. | ||
| 650 | _aindigofera | ||
| 260 | _c1958 | ||
| 300 | _b24 cm | ||
| 130 | _lEn. | ||
| 651 | _aafrique | ||
| 999 |
_c27832 _d27832 |
||